000 00937nam a2200265 a 4500
001 22516
003 BD-RJUL
005 20211209000821.0
008 161115s1951 enk 000 0 eng
035 _a(BD-RJUL)22581
040 _aDZM
_cDZM
_dBD-RJUL
_beng
041 _aeng
082 _223
_a824
_bADS
100 1 _aJoseph Addison,
_9164657
245 1 4 _aThe Spectator /
_cJoseph Addison, Richard Steele, edited by G. Gregory Smith
260 _aLondon :
_bJ. M. Dent,
_c1907 [Reprinting 1951-1954]
300 _aV. ;
_c19 cm.
490 1 _aEveryman's library ;
_v164-167
505 0 _aV. 1 Essays 1 through 169 -- v. 2 Essays 170 through 321 -- v. 3 Essays 322 through 473 -- v. 4 Essays 474 through 635 --
650 0 _aEnglish essays
_969530
700 1 _a Steele, Richard
_d1672-1719.
_958367
700 1 _aSmith, G. Gregory
_q(George Gregory),
_d1865-1932.
_965292
830 0 _aEveryman's library ;
_9116745
942 _2ddc
_cBK
999 _c22516
_d22516